Brown bast (Record no. 50251)

MARC details
000 -LEADER
fixed length control field 00348nam a2200145Ia 4500
100 ## - MAIN ENTRY--AUTHOR NAME
Personal name Ramakrishnan T.S.
245 #0 - TITLE STATEMENT
Title Brown bast
260 ## - PUBLICATION, DISTRIBUTION, ETC. (IMPRINT)
Name of publisher Rubber Board Bulletin
Year of publication 1963-64
300 ## - PHYSICAL DESCRIPTION
Number of Pages 61-63
650 ## - SUBJECT ADDED ENTRY--TOPICAL TERM
Topical Term Brown bast
650 ## - SUBJECT ADDED ENTRY--TOPICAL TERM
Topical Term Rubber plantation
700 ## - ADDED ENTRY--PERSONAL NAME
Personal name Pillay P.N.R.
942 ## - ADDED ENTRY ELEMENTS (KOHA)
Koha item type Bibliography STAF
Holdings
Withdrawn status Lost status Damaged status Not for loan Home library Current library Shelving location Date acquired Serial Enumeration / chronology Koha item type
      Bibliography RRII Library RRII Library Pathology 09/04/2014 Volume 7, Issue 2&3 Bibliography STAF